00509nam a22001697a 450000500170000001000150001702000260003203500140005803700090007208200080008124500670008925000060015626000300016227000830019230000210027550000430029620250724152107.0 aENG-146130 a9789349015333c550.00 aEN-129662 bDBAD a000 aUniversal's All India Bar Examination Solved Papers 2015-2025/ a1 aGurgaonbLexisNexisc2025 a14th Floor, Building No.10, Tower-B, DLF Cyber city, Phase-IIbGurgaone122002 a295p. c24cm(pb) aConducted By the Bar Council of India